[Event "WLS-ch"]
[Site "Hensol Park"]
[Date "2006.04.16"]
[Round "4"]
[White "Fish, Andrew"]
[Black "Blackburn, Suzie G"]
[Result "1-0"]
[WhiteElo "2094"]
[BlackElo "1779"]
[PlyCount "73"]
[EventDate "2006.04.14"]
[EventType "swiss"]
[EventRounds "7"]
[EventCountry "WLS"]
[SourceTitle "EXT 2007"]
[Source "ChessBase"]
[SourceDate "2006.11.23"]
[SourceVersion "1"]
[SourceVersionDate "2006.11.23"]
[SourceQuality "1"]

1. e4 e6 2. Nf3 d5 3. e5 c5 4. b4 cxb4 5. a3 Nc6 6. axb4 Bxb4 7. c3 Be7 8. d4 Bd7 9. Bd3 a6 10. 0-0 Rc8 11. g3 Na5 12. h4 Nc4 13. Ng5 h5 14. Qf3 Bxg5 15. Bxg5 Ne7 16. Qe2 Qb6 17. Ra2 a5 18. Na3 Qc7 19. Rb1 b6 20. Qd1 Rb8 21. Nb5 Bxb5 22. Rxb5 Nc6 23. Qa4 Rc8 24. Bxc4 dxc4 25. Qxc4 Qd7 26. Qb3 Nb4 27. Rxb6 Nxa2 28. Qxa2 Qc7 29. Qa3 Rh7 30. Rc6 f6 31. Rxc7 Rxc7 32. exf6 gxf6 33. Bxf6 Rhf7 34. Be5 Rc8 35. Qxa5 Rf5 36. Qa6 Kd7 37. Qd6+ 1-0

[Event "EU-Cup 20th"]
[Site "Izmir"]
[Date "2004.10.07"]
[Round "5.1"]
[White "Bruch, Jochen"]
[Black "Fish, Andrew"]
[Result "1/2-1/2"]
[WhiteElo "2304"]
[BlackElo "2106"]
[PlyCount "68"]
[EventDate "2004.10.03"]
[EventType "team-swiss"]
[EventRounds "7"]
[EventCountry "TUR"]
[SourceTitle "CBM 104"]
[Source "ChessBase"]
[SourceDate "2005.01.27"]
[SourceVersion "1"]
[SourceVersionDate "2005.01.27"]
[SourceQuality "1"]
[WhiteTeam "Differdange"]
[BlackTeam "Nidum Liberals"]
[WhiteTeamCountry "LUX"]
[BlackTeamCountry "WLS"]

1. Nf3 Nf6 2. g3 d5 3. Bg2 Bg4 4. 0-0 Nbd7 5. d3 e5 6. Nbd2 c6 7. e4 dxe4 8. dxe4 Bc5 9. Qe1 h6 10. Nc4 Qc7 11. Bd2 Be6 12. b3 Bxc4 13. bxc4 Nb6 14. Qe2 Qe7 15. Bc3 Nfd7 16. Bh3 0-0 17. Rfd1 Rfd8 18. Rab1 Rab8 19. Rd2 f6 20. Nh4 Nf8 21. Nf5 Qf7 22. Bf1 Ne6 23. Rd3 Kh7 24. Rbd1 Rxd3 25. cxd3 Rd8 26. Qc2 g6 27. Nh4 Bd4 28. Bb4 c5 29. Ba5 Rd6 30. Rb1 Nc8 31. Bh3 b6 32. Be1 Ne7 33. Qa4 Ng5 34. Bg2 Nc6 1/2-1/2

[Event "EU-Cup 20th"]
[Site "Izmir"]
[Date "2004.10.03"]
[Round "1.1"]
[White "Fish, Andrew"]
[Black "Kurajica, Bojan"]
[Result "0-1"]
[WhiteElo "2106"]
[BlackElo "2541"]
[PlyCount "66"]
[EventDate "2004.10.03"]
[EventType "team-swiss"]
[EventRounds "7"]
[EventCountry "TUR"]
[SourceTitle "CBM 104"]
[Source "ChessBase"]
[SourceDate "2005.01.27"]
[SourceVersion "1"]
[SourceVersionDate "2005.01.27"]
[SourceQuality "1"]
[WhiteTeam "Nidum Liberals"]
[BlackTeam "Sarajevo Zeljeznicar"]
[WhiteTeamCountry "WLS"]
[BlackTeamCountry "BIH"]

1. e4 c5 2. Nc3 a6 3. g3 b5 4. Bg2 Bb7 5. d3 d6 6. Nh3 g6 7. 0-0 Bg7 8. f4 Nc6 9. Nd5 e6 10. Ne3 Nf6 11. g4 Nd7 12. f5 h6 13. Nf4 Nf8 14. c3 Rg8 15. a4 b4 16. Bd2 a5 17. Qb3 Qd7 18. Nc4 Rb8 19. Rae1 Be5 20. Re3 gxf5 21. gxf5 bxc3 22. bxc3 Ba6 23. Qa2 Bxc4 24. Qxc4 Rb2 25. Re2 Bxf4 26. Rxf4 Qb7 27. d4 e5 28. dxe5 Nxe5 29. Qd5 Qa6 30. Re3 Nfd7 31. f6 Nc4 32. Re2 Nde5 33. Rf1 Nd7 0-1

[Event "WLS-ch"]
[Site "Swansea"]
[Date "2002.??.??"]
[Round "4"]
[White "Fish, Andrew"]
[Black "Robinson, David"]
[Result "1-0"]
[WhiteElo "2103"]
[BlackElo "2025"]
[PlyCount "93"]
[EventDate "2002.03.29"]
[EventType "swiss"]
[EventRounds "7"]
[EventCountry "WLS"]
[SourceTitle "EXT 2003"]
[Source "ChessBase"]
[SourceDate "2002.11.25"]
[SourceVersion "1"]
[SourceVersionDate "2002.11.25"]
[SourceQuality "1"]

1. d3 d5 2. Nf3 Nc6 3. Nbd2 e5 4. e4 Nf6 5. Be2 dxe4 6. dxe4 Bc5 7. 0-0 0-0 8. c3 a6 9. h3 h6 10. Qc2 Qe7 11. a4 Bd7 12. b4 Bb6 13. Ba3 Nd8 14. Nc4 Re8 15. Nfxe5 Qe6 16. Nxb6 Qxb6 17. Nxd7 Nxd7 18. Kh1 Nf6 19. f3 Nh5 20. Rfd1 Qf2 21. Ra2 Ne6 22. Bc4 Qg3 23. Bxe6 Rxe6 24. Qf2 Qe5 25. Rd5 Ng3+ 26. Kh2 Nf1+ 27. Kg1 Qh2+ 28. Kxf1 Rg6 29. Qg1 Qg3 30. Bc1 Re8 31. Qf2 Qh2 32. Be3 c6 33. Rf5 Rd8 34. Rd2 Rxd2 35. Bxd2 Rd6 36. Ke2 Qh1 37. Re5 Rg6 38. g4 Rd6 39. Re8+ Kh7 40. Qg3 Rd7 41. h4 Qb1 42. Qf4 Qd3+ 43. Ke1 Qb1+ 44. Kf2 Qd3 45. Be3 Qc2+ 46. Kg3 Qd1 47. Qf5+ 1-0

[Event "WLS-ch"]
[Site "Swansea"]
[Date "2002.??.??"]
[Round "6"]
[White "Fish, Andrew"]
[Black "Spice, Alan"]
[Result "1-0"]
[WhiteElo "2103"]
[BlackElo "2201"]
[PlyCount "75"]
[EventDate "2002.03.29"]
[EventType "swiss"]
[EventRounds "7"]
[EventCountry "WLS"]
[SourceTitle "EXT 2003"]
[Source "ChessBase"]
[SourceDate "2002.11.25"]
[SourceVersion "1"]
[SourceVersionDate "2002.11.25"]
[SourceQuality "1"]

1. e4 e6 2. d4 d5 3. Nd2 Nc6 4. Ngf3 Nf6 5. e5 Nd7 6. Bb5 a5 7. 0-0 Na7 8. Bd3 c5 9. Re1 c4 10. Bf1 Be7 11. g3 0-0 12. Bh3 b5 13. Nf1 b4 14. c3 Nb5 15. Qc2 a4 16. cxb4 Qb6 17. a3 Nxd4 18. Nxd4 Qxd4 19. Bf4 Qb6 20. Rad1 Qc7 21. Ne3 Nxe5 22. Bxe5 Qc6 23. Bg2 Ra7 24. Nxd5 exd5 25. Bxd5 Qh6 26. Qxc4 Bf5 27. Bd4 Rc8 28. Qxc8+ Bxc8 29. Bxa7 Be6 30. Bxe6 fxe6 31. Rd7 Qf6 32. Bd4 Qg5 33. f4 Qb5 34. Rxe7 e5 35. R7xe5 Qd3 36. Bc3 Kf7 37. Re7+ Kg6 38. Rxg7+ 1-0

[Event "WLS-ch"]
[Site "Swansea"]
[Date "2002.??.??"]
[Round "1"]
[White "Fish, Andrew"]
[Black "Zeidler, Sven P"]
[Result "0-1"]
[WhiteElo "2103"]
[BlackElo "2277"]
[PlyCount "90"]
[EventDate "2002.03.29"]
[EventType "swiss"]
[EventRounds "7"]
[EventCountry "WLS"]
[SourceTitle "EXT 2003"]
[Source "ChessBase"]
[SourceDate "2002.11.25"]
[SourceVersion "1"]
[SourceVersionDate "2002.11.25"]
[SourceQuality "1"]

1. e4 d5 2. exd5 Qxd5 3. Nc3 Qa5 4. d4 Nf6 5. Nf3 Bg4 6. h3 Bh5 7. g4 Bg6 8. Ne5 e6 9. Bg2 c6 10. 0-0 Nbd7 11. Qe2 Nxe5 12. dxe5 Nd7 13. f4 h5 14. Be3 hxg4 15. hxg4 Bc5 16. Ne4 Bxe4 17. Bxe4 Rh4 18. Bf3 g5 19. Bxc5 Qxc5+ 20. Qf2 Qxf2+ 21. Rxf2 gxf4 22. Re1 Ke7 23. Re4 Rg8 24. Rfe2 Rg5 25. Kg2 Rh7 26. Re1 Kd8 27. Bd1 Rhg7 28. Kf2 Kc7 29. c3 Nc5 30. Rd4 f6 31. exf6 Rf7 32. b4 e5 33. Rd2 e4 34. bxc5 e3+ 35. Rxe3 fxe3+ 36. Kxe3 Rxf6 37. Rd4 Rxc5 38. c4 Rd6 39. Bc2 Rxd4 40. Kxd4 Kd6 41. Bh7 Ra5 42. Ke4 Ke6 43. Kf4 Kf6 44. Bf5 Rxa2 45. g5+ Kg7 0-1

[Event "BCF-chT3b 0001 (4NCL)"]
[Site "Birmingham"]
[Date "2001.01.28"]
[Round "6.3"]
[White "Hardy, Roger"]
[Black "Fish, Andrew"]
[Result "0-1"]
[WhiteElo "2029"]
[BlackElo "2101"]
[PlyCount "76"]
[EventDate "2000.11.26"]
[EventType "team-tourn"]
[EventRounds "7"]
[EventCountry "ENG"]
[SourceTitle "EXT 2002"]
[Source "ChessBase"]
[SourceDate "2001.11.25"]
[SourceVersion "1"]
[SourceVersionDate "2001.11.25"]
[SourceQuality "1"]
[WhiteTeam "Bristol III"]
[BlackTeam "Nidum Knights"]
[WhiteTeamCountry "ENG"]
[BlackTeamCountry "ENG"]

1. d4 Nf6 2. c4 g6 3. Nc3 Bg7 4. e4 d6 5. Nf3 0-0 6. Be2 e5 7. d5 a5 8. Bg5 h6 9. Bh4 Qe8 10. Nd2 Na6 11. 0-0 Bd7 12. b3 h5 13. Bxf6 Bxf6 14. a3 b6 15. Qb1 Bg5 16. Ra2 Qe7 17. b4 Bg4 18. Re1 Kg7 19. Bf1 h4 20. c5 bxc5 21. Bxa6 Rxa6 22. bxc5 h3 23. f3 Bc8 24. Nc4 hxg2 25. Rxg2 Bh4 26. Rc1 Bh3 27. Re2 Qg5+ 28. Kh1 Qf4 29. Nd2 Rh8 30. Qd3 Raa8 31. cxd6 cxd6 32. Rb1 Bg3 33. Qe3 Bxh2 34. Qxf4 Bxf4 35. Kg1 Rhc8 36. Nb5 Rab8 37. a4 Rc2 38. Kf2 Rxd2 0-1

[Event "BCF-chT2 9899 (4NCL)"]
[Site "England"]
[Date "1999.03.20"]
[Round "7.5"]
[White "Richmond, Peter A"]
[Black "Fish, Andrew"]
[Result "1-0"]
[WhiteElo "2190"]
[BlackElo "2115"]
[PlyCount "65"]
[EventDate "1998.10.??"]
[EventType "team-tourn"]
[EventRounds "11"]
[EventCountry "ENG"]
[SourceTitle "EXT 2000"]
[Source "ChessBase"]
[SourceDate "1999.11.16"]
[SourceVersion "1"]
[SourceVersionDate "1999.11.16"]
[SourceQuality "1"]
[WhiteTeam "SW Dragons"]
[BlackTeam "Nidum Knights"]
[WhiteTeamCountry "ENG"]
[BlackTeamCountry "ENG"]

1. e4 e6 2. d4 d5 3. Nc3 Bb4 4. e5 c5 5. Bd2 Ne7 6. Nb5 Bxd2+ 7. Qxd2 0-0 8. f4 Nbc6 9. dxc5 f6 10. exf6 Rxf6 11. Nf3 Ng6 12. g3 Qe7 13. Nd6 Bd7 14. Bg2 b6 15. b4 Raf8 16. 0-0 bxc5 17. bxc5 Nh8 18. Ne5 Nxe5 19. fxe5 Rxf1+ 20. Rxf1 Rxf1+ 21. Bxf1 Ng6 22. Qe3 Bc6 23. h4 Nf8 24. Bb5 Bxb5 25. Nxb5 Qb7 26. Nd4 Qb1+ 27. Kg2 Qxa2 28. Qc3 Qa6 29. c6 Ng6 30. Qc5 Qc8 31. c7 Nxe5 32. Qe7 Nf7 33. Nxe6 1-0

[Event "BCF-chT2 9798 (4NCL)"]
[Site "England"]
[Date "1998.05.24"]
[Round "10.4"]
[White "Fish, Andrew"]
[Black "Headlong, Timothy"]
[Result "0-1"]
[WhiteElo "2115"]
[BlackElo "2260"]
[PlyCount "79"]
[EventDate "1997.11.??"]
[EventType "team-tourn"]
[EventRounds "11"]
[EventCountry "ENG"]
[SourceTitle "EXT 1999"]
[Source "ChessBase"]
[SourceDate "1998.11.16"]
[SourceVersion "1"]
[SourceVersionDate "1998.11.16"]
[SourceQuality "1"]
[WhiteTeam "Nidum Knights"]
[BlackTeam "Witney"]
[WhiteTeamCountry "ENG"]
[BlackTeamCountry "ENG"]

1. e4 c5 2. Nc3 Nc6 3. g3 g6 4. Bg2 Bg7 5. d3 d6 6. f4 e6 7. Nf3 Nge7 8. 0-0 0-0 9. Be3 b6 10. e5 Bb7 11. exd6 Qxd6 12. Ne5 Qd8 13. Qd2 Rc8 14. Rae1 Ba8 15. Ne4 Nxe5 16. fxe5 Bxe4 17. Bxe4 Bxe5 18. Bh6 Bg7 19. c3 Nd5 20. Bg5 Qd7 21. Qf2 f6 22. Bc1 Rcd8 23. Bg2 Nc7 24. Re3 e5 25. Qe2 Rfe8 26. h4 f5 27. Bh3 Qd6 28. h5 Nd5 29. Ref3 e4 30. dxe4 Rxe4 31. Qc2 c4 32. Bg2 Rde8 33. R3f2 Qxg3 34. Qd1 Nf6 35. hxg6 hxg6 36. Rf3 Qc7 37. Bf4 Qc5+ 38. Kh1 Ng4 39. Bd6 Qc8 40. Qd5+ 0-1

[Event "BCF-ch 82nd"]
[Site "Swansea"]
[Date "1995.??.??"]
[Round "?"]
[White "Nelson, Jonathan"]
[Black "Fish, Andrew"]
[Result "1-0"]
[WhiteElo "2245"]
[BlackElo "2165"]
[PlyCount "71"]
[EventDate "1995.08.??"]
[EventType "swiss"]
[EventRounds "11"]
[EventCountry "WLS"]
[SourceTitle "EXT 2002"]
[Source "ChessBase"]
[SourceDate "2001.11.25"]
[SourceVersion "1"]
[SourceVersionDate "2001.11.25"]
[SourceQuality "1"]

1. e4 e6 2. d4 d5 3. Nd2 Nf6 4. e5 Nfd7 5. c3 c5 6. Bd3 Nc6 7. Ngf3 Qb6 8. 0-0 cxd4 9. cxd4 Nxd4 10. Nxd4 Qxd4 11. Nf3 Qb6 12. Qc2 Qc5 13. Qe2 Qb6 14. Bd2 Nc5 15. Be3 Qb4 16. a3 Qb3 17. Bc2 Qc4 18. Qd1 Bd7 19. b4 Ne4 20. Bd3 Qc7 21. Rc1 Qd8 22. Nd4 f5 23. Bb5 Bxb5 24. Nxb5 Rc8 25. Qa4 Kf7 26. Qxa7 Be7 27. f3 Qd7 28. a4 Ra8 29. Qb6 Bd8 30. Qd4 Rxa4 31. fxe4 Qxb5 32. exf5 Rxb4 33. Qd1 Rf8 34. fxe6+ Kg8 35. Rxf8+ Kxf8 36. Qf3+ 1-0